000 00475nam a2200193Ia 4500
005 20240823031450.0
008 240823s9999||||xx |||||||||||||| ||und||
020 _a81-7758-934-2
041 _aENGLISH
082 _A658.4 P6
100 _aRobert Pfannerstill
245 4 _aThe progressive Audit
250 _a1st
260 _c2006
_bPearson Education Internat
500 _aTRANSFERED
650 _aProgressive
_bManagement Studies
942 _cBK
999 _c191136
_d191136